Guess The Footballer From Career Transfers #8 - Statistics

General Stats
  • This quiz has been taken 31 times
  • The average score is 6 of 20
Answer Stats
Career Transfers in Order Player % Correct
Vitoria - Benfica - Chelsea - PSG - Chelsea - Arsenal - Flamengo David Luiz
82%
Fluminense - Rio Ave - Monaco - Liverpool - Al-Ittihad Fabinho
79%
Penarol - Almeria - Benfica - Liverpool Darwin Nunez
68%
Barcelona - Rangers - Real Sociedad - Everton - Arsenal Mikel Arteta
57%
Lorient - Toulouse - Marseille - Tigres UANL Andre-Pierre Gignac
50%
Sao Paulo - Ajax - Shakhtar Donetsk - Benfica David Neres
39%
Leicester - Everton - Barcelona - Tottenham - Nagoya Grampus Gary Lineker
36%
Vejle Boldklub - Hamburg - Everton - Real Madrid - Celtic Thomas Gravesen
29%
Strasbourg - Lorient - PSG - Sevilla - Atletico Madrid - Valencia - Strasbourg Kevin Gameiro
25%
Luton - Arsenal - West Ham - Wimbledon - Coventry - Celtic - West Brom John Hartson
18%
Hamburg - Bayer Leverkusen - Schalke - Bochum - SCR Altach - Antalyaspor Sidney Sam
14%
Danubio - Reggina - Espanyol - Middlesbrough - Girona Cristhian Stuani
11%
Man Utd - Sunderland - Cardiff - Crystal Palace - Hull - Huddersfield Fraizer Campbell
11%
Barcelona - Stoke - Girona - Al-Ahbi - Lyngby Marc Muniesa
11%
AZ Alkmaar - Vitesse - PSV - Barcelona - PSV - Al-Jazira Phillip Cocu
11%
West Ham - Everton - West Ham - Selangor - Leicester - Norwich - Barnet - Millwall Tony Cottee
11%
Zenit - Sevilla - Dynamo Moscow - Zenit Aleksandr Kerzhakov
7%
Racing Bafoussam - Cerro Porteno - Genclerbirligi - Real Madrid - Chelsea - Newcastle - Ankaragucu - AEL Geremi
7%
Tottenham - Middlesbrough - Everton - Liverpool - Leeds - Hull Nicky Barmby
7%
Crystal Palace - Tottenham - Aston Villa - QPR - Newcastle - Swansea Wayne Routledge
7%
No matching quizzes found
Score Distribution
Percent of People with Each Score
Percentile by Number Answered
Your Score History
You have not taken this quiz